00210nam a2200085Ia 4500008004100000082001700041100001700058245002600075300002300101230907s9999||||xx |||||||||||||| ||und|| a620.118bGAY aGay, Daniel, 0aComposite materials : axxiii, 611 pages :